| 000 | 00474nam a2200181 a 4500 | ||
|---|---|---|---|
| 001 | 5956 | ||
| 003 | CDMR | ||
| 005 | 20130220142515.0 | ||
| 008 | 130220s2002||||||||||||||||||||||||||||d | ||
| 040 |
_aCDMR _bcat _cCDMR |
||
| 100 | 1 |
_aBarral, Carlos _92973 |
|
| 245 | 1 | 0 |
_aObservaciones a la mina de plomo _cCarlos Barral |
| 260 |
_aBarcelona _bLumen _c2002 |
||
| 300 |
_a345 p ; _c17 cm |
||
| 490 | 0 |
_aPalabra en el tiempo _v320 _92193 |
|
| 630 | _aRecull d'articles | ||
| 942 | _cMON | ||
| 999 |
_c5956 _d5956 |
||